Building services handbook (Record no. 115928)

MARC details
000 -LEADER
fixed length control field 00942cad a2200229 4500
001 - CONTROL NUMBER
control field L159468
008 - FIXED-LENGTH DATA ELEMENTS--GENERAL INFORMATION
fixed length control field 170727s2017 xxk f 000 0 eng u
020 ## - INTERNATIONAL STANDARD BOOK NUMBER
International Standard Book Number 9781138244351
035 ## - SYSTEM CONTROL NUMBER
System control number (Sirsi) u159468
041 0# - LANGUAGE CODE
Language code of text/sound track or separate title eng
050 ## - LIBRARY OF CONGRESS CALL NUMBER
Classification number 697 $2 18
100 ## - MAIN ENTRY--PERSONAL NAME
Personal name Hall, Fred
245 ## - TITLE STATEMENT
Title Building services handbook
Remainder of title Incorporating Current Building & Construction Regulations
Medium [electronic resource]
250 ## - EDITION STATEMENT
Edition statement 9th ed.
260 ## - PUBLICATION, DISTRIBUTION, ETC.
Place of publication, distribution, etc. Oxford
Name of publisher, distributor, etc. Butterworth-Heinemann
Date of publication, distribution, etc. 2017
300 ## - PHYSICAL DESCRIPTION
Extent xiv, 786 p; 24 cm
520 ## - SUMMARY, ETC.
Summary, etc. Summarises the key elements of building services practice, techniques and procedures through the use of diagrams and brief explanations. Includes comprehensive coverage of the latest Building, Water Supply, IEE Wiring Regulations and other standards of importance to building service professionals.
651 #4 - SUBJECT ADDED ENTRY--GEOGRAPHIC NAME
Geographic name ENGLAND AND WALES
690 ## - LOCAL SUBJECT ADDED ENTRY--TOPICAL TERM (OCLC, RLIN)
Topical term or geographic name as entry element Block management
9 (RLIN) 6220
700 ## - ADDED ENTRY--PERSONAL NAME
Personal name Greeno, Roger
942 ## - ADDED ENTRY ELEMENTS (KOHA)
Suppress in OPAC 0
Source of classification or shelving scheme Dewey Decimal Classification
Holdings
Withdrawn status Lost status Source of classification or shelving scheme Damaged status Not for loan Home library Current library Shelving location Date acquired Total Checkouts Full call number Barcode Date last seen Copy number Price effective from Koha item type
    Dewey Decimal Classification     London London Books 27/07/2017   697 HALL 30078413 06/08/2019 1 06/08/2019 Book